[Event "Montreal Mercredi 10"]
[Site "Montreal CAN"]
[Date "2012.10.24"]
[Round "4"]
[White "Lopez Linares, Lizandro"]
[Black "Chabot, Roland"]
[Result "1/2-1/2"]
[WhiteElo "2096"]
[BlackElo "2119"]
[PlyCount "167"]
[GameId "2160767909444999"]
[EventDate "2012.10.03"]
[EventType "swiss"]
[EventRounds "5"]
[EventCountry "CAN"]
[SourceTitle "EXT 2022"]
[Source "ChessBase"]
[SourceDate "2021.10.06"]
[SourceVersion "1"]
[SourceVersionDate "2021.10.06"]
[SourceQuality "1"]

1. d4 d6 2. Nf3 g6 3. c4 Bg7 4. Nc3 Bg4 5. g3 Bxf3 6. exf3 e6 7. Bg2 Nc6 8. Be3 Nge7 9. f4 Nf5 10. Ne2 O-O 11. O-O a5 12. Qd2 d5 13. c5 h5 14. Rfd1 Qe7 15. b3 Ra6 16. a3 Rfa8 17. Rab1 b6 18. Rdc1 bxc5 19. Rxc5 Qd7 20. b4 axb4 21. axb4 Rb6 22. b5 Nd8 23. Rbc1 Ra7 24. Qc2 Rbb7 25. Bf1 Bf8 26. Rc6 Bd6 27. Ra6 Qxb5 28. Nc3 Qd7 29. Rca1 Rxa6 30. Rxa6 c5 31. dxc5 Nxe3 32. fxe3 Bxc5 33. Nd1 Rc7 34. Qd3 Nb7 35. Kg2 Nd6 36. Ra8+ Kg7 37. Be2 Nf5 38. Bf3 d4 39. e4 Ne3+ 40. Nxe3 dxe3 41. Qe2 Qd2 42. Ra2 Qxe2+ 43. Bxe2 Bb4 44. Ra1 Bd2 45. Kf3 e5 46. fxe5 Rc5 47. Ra7 Rxe5 48. Bc4 g5 49. Rxf7+ Kg6 50. Ra7 g4+ 51. Ke2 Rc5 52. Bd3 Kf6 53. Ra1 Ke5 54. Rf1 Kd4 55. Rf5 Rc8 56. Rd5+ Kc3 57. Rf5 Kd4 58. Rd5+ Kc3 59. Rf5 Rb8 60. Rc5+ Kb4 61. Rd5 Rc8 62. Rd4+ Kb3 63. Rd5 Rc1 64. Rb5+ Ka4 65. Rb1 Rc7 66. Rf1 Rc8 67. Bb1 Kb4 68. Bd3 Rh8 69. e5 h4 70. e6 Re8 71. Bf5 hxg3 72. hxg3 Kc5 73. Rf4 Kd6 74. Bxg4 Re7 75. Re4 Rh7 76. Kd3 Ke7 77. Bf5 Rg7 78. Bg4 Kf6 79. Ra4 Rh7 80. Ra6 Re7 81. Ra4 Rg7 82. Re4 Ke7 83. Ke2 Rh7 84. Bf5 1/2-1/2

[Event "Montreal Mercredi 10"]
[Site "Montreal CAN"]
[Date "2012.10.24"]
[Round "4"]
[White "Morin, Louis"]
[Black "Boudreau, Daniel"]
[Result "0-1"]
[WhiteElo "1879"]
[BlackElo "2027"]
[PlyCount "48"]
[GameId "2160767909445000"]
[EventDate "2012.10.03"]
[EventType "swiss"]
[EventRounds "5"]
[EventCountry "CAN"]
[SourceTitle "EXT 2022"]
[Source "ChessBase"]
[SourceDate "2021.10.06"]
[SourceVersion "1"]
[SourceVersionDate "2021.10.06"]
[SourceQuality "1"]

1. e4 c5 2. d4 cxd4 3. c3 Nf6 4. e5 Nd5 5. Qxd4 e6 6. Bc4 Nc6 7. Qe4 Nb6 8. Bb3 f5 9. Qe2 Bc5 10. Nf3 O-O 11. Be3 Bxe3 12. Qxe3 Na5 13. O-O Nxb3 14. axb3 Nd5 15. Qd4 a6 16. Na3 g5 17. c4 Nf4 18. Rfe1 b6 19. Rad1 Rf7 20. Re3 Bb7 21. Rd2 Nxg2 22. Nxg5 Rg7 23. Nxe6 Nxe3+ 24. Nxg7 Qg5+ 0-1

[Event "Montreal Mercredi 10"]
[Site "Montreal CAN"]
[Date "2012.10.24"]
[Round "4"]
[White "Munshi, Shawkat"]
[Black "Millette, Sylvain"]
[Result "0-1"]
[WhiteElo "1614"]
[BlackElo "1668"]
[PlyCount "62"]
[GameId "2160767909445001"]
[EventDate "2012.10.03"]
[EventType "swiss"]
[EventRounds "5"]
[EventCountry "CAN"]
[SourceTitle "EXT 2022"]
[Source "ChessBase"]
[SourceDate "2021.10.06"]
[SourceVersion "1"]
[SourceVersionDate "2021.10.06"]
[SourceQuality "1"]

1. Nf3 f5 2. e3 Nf6 3. b3 g6 4. Bb2 Bg7 5. Be2 e6 6. c4 c5 7. d3 b6 8. Nbd2 Bb7 9. O-O O-O 10. Qc2 d5 11. Ne5 Nbd7 12. Ndf3 Ng4 13. Nxd7 Qxd7 14. h3 Nf6 15. a3 Rad8 16. Ne5 Qd6 17. f4 Nd7 18. d4 cxd4 19. exd4 Nxe5 20. dxe5 Qc5+ 21. Kh2 dxc4 22. Qxc4 Qxc4 23. Bxc4 Rd2 24. Bxe6+ Kh8 25. Rg1 Rxb2 26. Rac1 Rd8 27. Rc7 Be4 28. Kg3 g5 29. Rc8 Rxc8 30. Bxc8 gxf4+ 31. Kxf4 Bh6+ 0-1

[Event "Montreal Mercredi 10"]
[Site "Montreal CAN"]
[Date "2012.10.24"]
[Round "4"]
[White "Nardone, Raul"]
[Black "Gauthier, Luc"]
[Result "1-0"]
[WhiteElo "1821"]
[BlackElo "1743"]
[PlyCount "61"]
[GameId "2160767909445002"]
[EventDate "2012.10.03"]
[EventType "swiss"]
[EventRounds "5"]
[EventCountry "CAN"]
[SourceTitle "EXT 2022"]
[Source "ChessBase"]
[SourceDate "2021.10.06"]
[SourceVersion "1"]
[SourceVersionDate "2021.10.06"]
[SourceQuality "1"]

1. e4 e5 2. d4 exd4 3. Qxd4 d6 4. Nc3 Nf6 5. Bd2 Be7 6. O-O-O O-O 7. f4 Nc6 8. Qf2 Ng4 9. Qe1 Re8 10. h3 Nf6 11. g4 d5 12. e5 d4 13. exf6 Bb4 14. Be3 Bxc3 15. bxc3 Qd5 16. Bd3 Qxa2 17. cxd4 Qa3+ 18. Kd2 Qa5+ 19. Ke2 Qd5 20. Nf3 Bd7 21. Qh4 h6 22. fxg7 Rxe3+ 23. Kxe3 Re8+ 24. Kf2 Nxd4 25. Bh7+ Kxh7 26. Rxd4 Qc5 27. Rhd1 Qxc2+ 28. R1d2 Qc5 29. g5 Re6 30. gxh6 Qa3 31. Ng5+ 1-0

[Event "Montreal Mercredi 10"]
[Site "Montreal CAN"]
[Date "2012.10.24"]
[Round "4"]
[White "Tremblay, Alain"]
[Black "Rondon, Luciano"]
[Result "0-1"]
[WhiteElo "2072"]
[BlackElo "2014"]
[PlyCount "78"]
[GameId "2160767909445003"]
[EventDate "2012.10.03"]
[EventType "swiss"]
[EventRounds "5"]
[EventCountry "CAN"]
[SourceTitle "EXT 2022"]
[Source "ChessBase"]
[SourceDate "2021.10.06"]
[SourceVersion "1"]
[SourceVersionDate "2021.10.06"]
[SourceQuality "1"]

1. d4 d5 2. c4 e6 3. Nc3 Nf6 4. Bg5 Be7 5. e3 O-O 6. Nf3 h6 7. Bxf6 Bxf6 8. Qb3 c6 9. Rd1 Nd7 10. Be2 dxc4 11. Bxc4 Qa5 12. O-O e5 13. Ne4 exd4 14. exd4 Be7 15. d5 cxd5 16. Rxd5 Qc7 17. Rd2 Nc5 18. Nxc5 Bxc5 19. Rfd1 Bg4 20. Bd5 Bb6 21. Rc2 Qe7 22. Re1 Qf6 23. h3 Bf5 24. Rce2 Ba5 25. Rd1 Bb6 26. Qb4 Rfe8 27. Red2 Bg6 28. Qg4 Rab8 29. b4 Bc7 30. Qc4 Bb6 31. a4 Rbc8 32. Qg4 Bf5 33. Qh5 Rc2 34. Rf1 Rxd2 35. Nxd2 Bd3 36. a5 Bd4 37. Nf3 Bxf1 38. Nxd4 Re1 39. Kh2 Qf4+ 0-1

[Event "Montreal Mercredi 10"]
[Site "Montreal CAN"]
[Date "2012.10.31"]
[Round "5"]
[White "Barko, Maxim"]
[Black "Dion, Etienne"]
[Result "0-1"]
[WhiteElo "1751"]
[BlackElo "1867"]
[PlyCount "98"]
[GameId "2160767909445004"]
[EventDate "2012.10.03"]
[EventType "swiss"]
[EventRounds "5"]
[EventCountry "CAN"]
[SourceTitle "EXT 2022"]
[Source "ChessBase"]
[SourceDate "2021.10.06"]
[SourceVersion "1"]
[SourceVersionDate "2021.10.06"]
[SourceQuality "1"]

1. e4 e5 2. Nf3 Nc6 3. Bb5 a6 4. Ba4 Nf6 5. O-O Be7 6. Re1 b5 7. Bb3 O-O 8. d3 d6 9. c3 Na5 10. Bc2 c5 11. Nbd2 Qc7 12. Nf1 Re8 13. Ng3 g6 14. Bg5 Nd7 15. Qd2 Nf8 16. a4 Be6 17. Ra3 b4 18. cxb4 cxb4 19. Qxb4 f6 20. Rc3 Nc6 21. Be3 d5 22. Qb6 Qxb6 23. Bxb6 Nb4 24. Bb1 d4 25. Rcc1 Nd7 26. Ba5 Rec8 27. Nd2 Nc6 28. b4 Nxa5 29. bxa5 Bb4 30. Ngf1 Bxa5 31. Red1 Nb6 32. Nc4 Nxc4 33. dxc4 Rc5 34. Ba2 Rac8 35. Nd2 Bxd2 36. Rxd2 Rb8 37. Rd3 Kf8 38. Rb3 Rxb3 39. Bxb3 Ke7 40. Kf1 Kd7 41. Ke2 Kc7 42. Kd3 Bd7 43. Ra1 Kb6 44. h4 f5 45. f3 f4 46. Rh1 Rc8 47. Rb1 Kc5 48. Bc2 Be6 49. Bb3 Rb8 0-1

[Event "Montreal Mercredi 10"]
[Site "Montreal CAN"]
[Date "2012.10.31"]
[Round "5"]
[White "Boudreau, Daniel"]
[Black "Tremblay, Alain"]
[Result "0-1"]
[WhiteElo "2027"]
[BlackElo "2072"]
[PlyCount "62"]
[GameId "2160767909445005"]
[EventDate "2012.10.03"]
[EventType "swiss"]
[EventRounds "5"]
[EventCountry "CAN"]
[SourceTitle "EXT 2022"]
[Source "ChessBase"]
[SourceDate "2021.10.06"]
[SourceVersion "1"]
[SourceVersionDate "2021.10.06"]
[SourceQuality "1"]

1. e4 e5 2. Bc4 Nc6 3. Nf3 Bc5 4. c3 Nf6 5. d3 d6 6. h3 a6 7. Bb3 h6 8. Nbd2 O-O 9. Nf1 Be6 10. Ng3 d5 11. exd5 Bxd5 12. O-O Qd7 13. Bc2 Rad8 14. b4 Bb6 15. Nh4 Ne7 16. c4 Bd4 17. Rb1 Bc6 18. Nh5 Nxh5 19. Qxh5 Qe6 20. Be3 Qf6 21. Rfe1 b6 22. b5 axb5 23. cxb5 Bb7 24. Bxd4 exd4 25. Bb3 Nd5 26. Rbc1 Nf4 27. Qg4 Nxd3 28. Nf5 Nxe1 29. Rxe1 Qg5 30. Rd1 d3 31. Bc4 c6 0-1

[Event "Montreal Mercredi 10"]
[Site "Montreal CAN"]
[Date "2012.10.31"]
[Round "5"]
[White "Cardin, Guillaume"]
[Black "Morin, Louis"]
[Result "1-0"]
[WhiteElo "2021"]
[BlackElo "1879"]
[PlyCount "121"]
[GameId "2160767909445006"]
[EventDate "2012.10.03"]
[EventType "swiss"]
[EventRounds "5"]
[EventCountry "CAN"]
[SourceTitle "EXT 2022"]
[Source "ChessBase"]
[SourceDate "2021.10.06"]
[SourceVersion "1"]
[SourceVersionDate "2021.10.06"]
[SourceQuality "1"]

1. d4 e5 2. dxe5 Nc6 3. Nf3 Bc5 4. e4 Qe7 5. Bf4 f6 6. Nc3 fxe5 7. Nd5 Qd6 8. Nxe5 Nxe5 9. Qh5+ Ng6 10. Bxd6 Bxd6 11. Bd3 Kd8 12. O-O c6 13. e5 Nxe5 14. Qg5+ Ke8 15. Rae1 Kf7 16. Rxe5 cxd5 17. Rxd5 Be7 18. Qf4+ Nf6 19. Bc4 Ke8 20. Rd2 d5 21. Bxd5 Nxd5 22. Rxd5 Rf8 23. Qa4+ Kf7 24. Re1 Bf6 25. Qc4 Kg6 26. g4 h6 27. h3 Kh7 28. f4 b6 29. Qe4+ Kh8 30. g5 Bxb2 31. gxh6 Bf6 32. hxg7+ Kxg7 33. Rh5 Rg8 34. Rh7+ Kf8+ 35. Qg2 Rxg2+ 36. Kxg2 Bf5 37. Rc7 Rd8 38. Re2 a5 39. Kg3 Rd7 40. Rxd7 Bxd7 41. h4 Kf7 42. h5 b5 43. h6 Be6 44. a3 Bc4 45. Rh2 Kg8 46. h7+ Kh8 47. Kg4 Be6+ 48. f5 Bc4 49. Rh3 Be2+ 50. Kf4 Bd1 51. Rh2 Bb2 52. Kg5 Bxa3 53. Kg6 Bf8 54. Rd2 Bh5+ 55. Kxh5 Kxh7 56. Rd7+ Kg8 57. Rd5 Kf7 58. Rxb5 a4 59. Rb6 a3 60. Ra6 Be7 61. Kg4 1-0

[Event "Montreal Mercredi 10"]
[Site "Montreal CAN"]
[Date "2012.10.31"]
[Round "5"]
[White "Chabot, Roland"]
[Black "Levkovsky, Alexandre"]
[Result "0-1"]
[WhiteElo "2119"]
[BlackElo "2247"]
[PlyCount "96"]
[GameId "2160767909445007"]
[EventDate "2012.10.03"]
[EventType "swiss"]
[EventRounds "5"]
[EventCountry "CAN"]
[SourceTitle "EXT 2022"]
[Source "ChessBase"]
[SourceDate "2021.10.06"]
[SourceVersion "1"]
[SourceVersionDate "2021.10.06"]
[SourceQuality "1"]

1. d4 Nf6 2. c4 e6 3. Nc3 Bb4 4. e3 b6 5. Nge2 Ba6 6. a3 Be7 7. Nf4 c6 8. d5 e5 9. Nh5 g6 10. Ng3 h5 11. b4 cxd5 12. Nxd5 Bb7 13. Bb2 h4 14. Ne2 Nxd5 15. cxd5 d6 16. Nc3 Nd7 17. Bb5 Kf8 18. Qa4 Nf6 19. Ba6 Bxa6 20. Qxa6 Qd7 21. h3 Kg7 22. O-O Rhc8 23. Qd3 Qf5 24. e4 Rxc3 25. Bxc3 Nxe4 26. Rac1 Bg5 27. Rc2 Nf6 28. Qxf5 gxf5 29. Bb2 Bf4 30. Bc1 Nxd5 31. Rd1 Bxc1 32. Rdxc1 Nf4 33. Rc8 Rxc8 34. Rxc8 d5 35. Ra8 d4 36. Rxa7 d3 37. Rd7 Kf6 38. g3 Ke6 39. Rd8 Ke7 40. gxf4 Kxd8 41. Kf1 e4 42. a4 Kc7 43. Ke1 Kc6 44. Kd2 Kd5 45. Kc3 f6 46. f3 Kc6 47. Kd2 Kd6 48. Kc3 Kd5 0-1

[Event "Montreal Mercredi 10"]
[Site "Montreal CAN"]
[Date "2012.10.31"]
[Round "5"]
[White "Chiku-Ratte, Olivier-Kenta"]
[Black "Lopez Linares, Lizandro"]
[Result "1-0"]
[WhiteElo "2174"]
[BlackElo "2096"]
[PlyCount "109"]
[GameId "2160767909445008"]
[EventDate "2012.10.03"]
[EventType "swiss"]
[EventRounds "5"]
[EventCountry "CAN"]
[SourceTitle "EXT 2022"]
[Source "ChessBase"]
[SourceDate "2021.10.06"]
[SourceVersion "1"]
[SourceVersionDate "2021.10.06"]
[SourceQuality "1"]

1. d4 d5 2. c4 c6 3. Nf3 Nf6 4. Nc3 dxc4 5. a4 Bf5 6. Ne5 Nbd7 7. Nxc4 Nb6 8. Ne5 a5 9. g3 e6 10. Bg2 Bb4 11. O-O Nfd7 12. Nxd7 Qxd7 13. e4 Bg6 14. Be3 Nc4 15. Qe2 Nxe3 16. Qxe3 O-O 17. Rfd1 Rac8 18. Rac1 Rfd8 19. h4 f5 20. e5 Bh5 21. f3 Bf8 22. Kh2 Qe7 23. Ne2 Qb4 24. Nf4 Bf7 25. b3 Qb6 26. Bf1 g6 27. g4 Qb4 28. gxf5 gxf5 29. Bc4 Qe7 30. Rg1+ Kh8 31. Kh3 Rc7 32. Rg3 Rcd7 33. Ne2 Bg7 34. Rcg1 Rg8 35. Nf4 Rdd8 36. Nd3 b6 37. Ne1 Be8 38. Qf2 b5 39. Be2 bxa4 40. bxa4 Bg6 41. f4 Be8 42. h5 h6 43. Ng2 c5 44. dxc5 Bxa4 45. Rg6 Be8 46. Nh4 Kh7 47. R6g3 a4 48. Qg2 Rd4 49. Qf2 Rd5 50. Bc4 Rd7 51. c6 Bxh5 52. cxd7 Bg4+ 53. Rxg4 fxg4+ 54. Rxg4 Qxd7 55. Qc2+ 1-0

[Event "Montreal Mercredi 10"]
[Site "Montreal CAN"]
[Date "2012.10.31"]
[Round "5"]
[White "De Briey, Laurent"]
[Black "Arsenault, Nicolas"]
[Result "1-0"]
[WhiteElo "2224"]
[BlackElo "2109"]
[PlyCount "65"]
[GameId "2160767909445009"]
[EventDate "2012.10.03"]
[EventType "swiss"]
[EventRounds "5"]
[EventCountry "CAN"]
[SourceTitle "EXT 2022"]
[Source "ChessBase"]
[SourceDate "2021.10.06"]
[SourceVersion "1"]
[SourceVersionDate "2021.10.06"]
[SourceQuality "1"]

1. d4 Nf6 2. c4 e6 3. Nf3 b6 4. e3 Bb7 5. Bd3 d5 6. Nbd2 Bd6 7. b3 O-O 8. Bb2 Ne4 9. O-O f5 10. cxd5 exd5 11. Rc1 Nd7 12. Ne5 Nxe5 13. dxe5 Be7 14. b4 Bxb4 15. Nxe4 fxe4 16. Bxe4 dxe4 17. Qb3+ Kh8 18. Qxb4 c5 19. Qa4 Qe8 20. Qc4 Rd8 21. Rcd1 Qe7 22. a4 Bc6 23. e6 Rd6 24. Rxd6 Qxd6 25. Qa6 Qc7 26. Rd1 Re8 27. Qc4 Qe7 28. Qc3 Rg8 29. Qc4 h6 30. Be5 Re8 31. Qc3 Bxa4 32. Rd6 Kh7 33. Qc4 1-0

[Event "Montreal Mercredi 10"]
[Site "Montreal CAN"]
[Date "2012.10.31"]
[Round "5"]
[White "Gauthier, Luc"]
[Black "Lalonde, Paul"]
[Result "0-1"]
[WhiteElo "1743"]
[BlackElo "1888"]
[PlyCount "78"]
[GameId "2160767909445010"]
[EventDate "2012.10.03"]
[EventType "swiss"]
[EventRounds "5"]
[EventCountry "CAN"]
[SourceTitle "EXT 2022"]
[Source "ChessBase"]
[SourceDate "2021.10.06"]
[SourceVersion "1"]
[SourceVersionDate "2021.10.06"]
[SourceQuality "1"]

1. e4 c5 2. Nc3 d6 3. f4 Nf6 4. Nf3 Nc6 5. Bb5 a6 6. Bxc6+ bxc6 7. d3 g6 8. O-O Bg7 9. Qe1 Bg4 10. e5 Nd5 11. exd6 Nxc3 12. dxe7 Qxe7 13. bxc3 Bxf3 14. gxf3 Qxe1 15. Rxe1+ Kd7 16. Bd2 Rab8 17. Rab1 Rhe8 18. Kf2 Rxe1 19. Rxb8 Ra1 20. Rb7+ Ke6 21. Rb6 Rxa2 22. Rxc6+ Kd5 23. Rc8 Bxc3 24. Rd8+ Ke6 25. Re8+ Kd7 26. Re2 Rxc2 27. Bxc3 Rxc3 28. Ra2 Rxd3 29. Rxa6 Rd2+ 30. Ke3 Rxh2 31. Ra7+ Ke6 32. Rc7 Rh5 33. Ke4 Rf5 34. Rc6+ Kd7 35. Ra6 h5 36. Ra7+ Kc6 37. Ra8 h4 38. Rh8 Rh5 39. Rf8 h3 0-1

[Event "Montreal Mercredi 10"]
[Site "Montreal CAN"]
[Date "2012.10.31"]
[Round "5"]
[White "Lacroix, Serge"]
[Black "Nardone, Raul"]
[Result "1-0"]
[WhiteElo "1784"]
[BlackElo "1821"]
[PlyCount "48"]
[GameId "2160767909445011"]
[EventDate "2012.10.03"]
[EventType "swiss"]
[EventRounds "5"]
[EventCountry "CAN"]
[SourceTitle "EXT 2022"]
[Source "ChessBase"]
[SourceDate "2021.10.06"]
[SourceVersion "1"]
[SourceVersionDate "2021.10.06"]
[SourceQuality "1"]

1. e4 c5 2. Nf3 Nc6 3. d4 cxd4 4. Nxd4 Nf6 5. Nc3 d6 6. Be2 e6 7. Be3 Be7 8. O-O O-O 9. Qd2 a6 10. a4 Bd7 11. f4 Nxd4 12. Bxd4 Bc6 13. Bf3 Qa5 14. Rad1 Qb4 15. e5 dxe5 16. fxe5 Rfd8 17. Kh1 Nd5 18. Bxd5 Bxd5 19. Qf2 Rf8 20. Nxd5 exd5 21. b3 b5 22. axb5 axb5 23. Ra1 Rxa1 24. Rxa1 Bh4 1-0

[Event "Montreal Mercredi 10"]
[Site "Montreal CAN"]
[Date "2012.10.31"]
[Round "5"]
[White "Lalonde, Paul"]
[Black "Nardone, Raul"]
[Result "1-0"]
[WhiteElo "1888"]
[BlackElo "1821"]
[PlyCount "169"]
[GameId "2160767909445012"]
[EventDate "2012.10.03"]
[EventType "swiss"]
[EventRounds "5"]
[EventCountry "CAN"]
[SourceTitle "EXT 2022"]
[Source "ChessBase"]
[SourceDate "2021.10.06"]
[SourceVersion "1"]
[SourceVersionDate "2021.10.06"]
[SourceQuality "1"]

1. e4 c5 2. Nf3 e6 3. d4 cxd4 4. Nxd4 a6 5. Nc3 Qc7 6. Bd3 Nf6 7. O-O Bc5 8. Nb3 Be7 9. Qe2 d6 10. Be3 O-O 11. f4 Nc6 12. a3 b5 13. Nd4 Bb7 14. Rae1 Rfe8 15. Kh1 Rac8 16. Bg1 Nxd4 17. Bxd4 e5 18. Be3 Qb8 19. fxe5 dxe5 20. Qf3 Rxc3 21. bxc3 Bxa3 22. Bg5 Be7 23. Qh3 Qd6 24. Re2 Rc8 25. Bd2 Rc7 26. Qe3 Ba8 27. h3 Qe6 28. Qf3 g6 29. Ref2 Nh5 30. g4 Nf4 31. Bxf4 exf4 32. Qxf4 Bd6 33. Qf3 Be5 34. Qe2 Bxc3 35. Kg2 Be5 36. Qe3 Qd6 37. Qe2 Bd4 38. Rf3 Re7 39. Rf4 Be5 40. R4f3 Bd4 41. h4 Qe5 42. Rf4 Qd6 43. Qf3 Qe6 44. g5 Be5 45. Rg4 Bd4 46. Rc1 Bc6 47. Rd1 Be5 48. h5 Bd7 49. Rh4 Bc6 50. hxg6 fxg6 51. Rf1 Bg7 52. Qf4 Qe5 53. Qxe5 Bxe5 54. Rb1 Bc3 55. Rb3 b4 56. Bc4+ Kg7 57. Kf3 a5 58. Ke3 Ba4 59. Rb1 Bxc2 60. Rbh1 Kh8 61. Rf1 Kg7 62. Rhf4 h6 63. Rf7+ Rxf7 64. Rxf7+ Kh8 65. gxh6 b3 66. Rb7 b2 67. Ba2 Bb4 68. e5 b1=Q 69. Bxb1 Bxb1 70. e6 Bc2 71. Kf4 Bd2+ 72. Ke5 Bxh6 73. Kf6 Bf4 74. e7 Ba4 75. Kxg6 Bd6 76. Rb6 Be8+ 77. Kf6 Bxe7+ 78. Kxe7 Ba4 79. Ra6 Kg7 80. Rxa5 Bd1 81. Ra1 Bh5 82. Rg1+ Bg6 83. Rg2 Kh6 84. Kf6 Be8 85. Rh2+ 1-0

[Event "Montreal Mercredi 10"]
[Site "Montreal CAN"]
[Date "2012.10.31"]
[Round "5"]
[White "Lopez Linares, Cesar"]
[Black "Munshi, Shawkat"]
[Result "1-0"]
[WhiteElo "1732"]
[BlackElo "1614"]
[PlyCount "112"]
[GameId "2160767909445013"]
[EventDate "2012.10.03"]
[EventType "swiss"]
[EventRounds "5"]
[EventCountry "CAN"]
[SourceTitle "EXT 2022"]
[Source "ChessBase"]
[SourceDate "2021.10.06"]
[SourceVersion "1"]
[SourceVersionDate "2021.10.06"]
[SourceQuality "1"]

1. d4 Nf6 2. c4 e6 3. Nc3 d5 4. Bg5 Be7 5. e3 Nbd7 6. Nf3 O-O 7. Rc1 b6 8. cxd5 exd5 9. Bd3 h6 10. Bf4 Bb7 11. h3 c5 12. O-O Ne4 13. Qe2 Ndf6 14. Ba6 Bxa6 15. Qxa6 Nxc3 16. Rxc3 Ne4 17. Rc2 Qc8 18. Qb5 Qb7 19. dxc5 Bxc5 20. b4 a6 21. Qd3 Bd6 22. Bxd6 Nxd6 23. Rd2 Ne4 24. Qxd5 Qxd5 25. Rxd5 Nc3 26. Rd2 Rfd8 27. Rc2 Ne4 28. Nd4 Nd6 29. Nc6 Re8 30. Rd1 Re6 31. Nd4 Rf6 32. Rc6 b5 33. Nb3 Ne4 34. Rc2 Re6 35. Kf1 Kf8 36. Na5 g6 37. Rd4 Nf6 38. Ke2 Ke8 39. f3 Rd8 40. Rxd8+ Kxd8 41. Nb7+ Ke7 42. e4 Nd5 43. a3 Nb6 44. Na5 Kd7 45. Ke3 Rd6 46. Rd2 h5 47. f4 f6 48. g4 h4 49. Rd4 Ke7 50. Rxd6 Kxd6 51. Kd4 Na4 52. Nb7+ Kc6 53. Nc5 Nxc5 54. bxc5 a5 55. e5 fxe5+ 56. fxe5 a4 1-0

[Event "Montreal Mercredi 10"]
[Site "Montreal CAN"]
[Date "2012.10.31"]
[Round "5"]
[White "O'Connor, Michael"]
[Black "Baran, Marius"]
[Result "1/2-1/2"]
[WhiteElo "1691"]
[BlackElo "1739"]
[PlyCount "85"]
[GameId "2160767909445014"]
[EventDate "2012.10.03"]
[EventType "swiss"]
[EventRounds "5"]
[EventCountry "CAN"]
[SourceTitle "EXT 2022"]
[Source "ChessBase"]
[SourceDate "2021.10.06"]
[SourceVersion "1"]
[SourceVersionDate "2021.10.06"]
[SourceQuality "1"]

1. d4 d5 2. Nf3 Bg4 3. h3 Bxf3 4. exf3 e6 5. c4 c6 6. Bf4 Bd6 7. Qd2 Nf6 8. Nc3 O-O 9. Bxd6 Qxd6 10. c5 Qc7 11. f4 b5 12. Bd3 Nbd7 13. O-O Rfe8 14. b4 a5 15. a3 g6 16. g4 Ra7 17. Ne2 Rea8 18. Qb2 axb4 19. axb4 Qb8 20. f3 Ra6 21. Rxa6 Rxa6 22. Ra1 Qa7 23. Rxa6 Qxa6 24. h4 h5 25. f5 hxg4 26. fxe6 fxe6 27. fxg4 Nxg4 28. Nf4 e5 29. dxe5 Ndxe5 30. Bxg6 Qa4 31. Bc2 Nf3+ 32. Kh1 Qa7 33. Bf5 Nge5 34. Qg2+ Qg7 35. Be6+ Kh8 36. Qxg7+ Kxg7 37. h5 Kh6 38. Bxd5 cxd5 39. Nxd5 Nc6 40. Nc7 Nfd4 41. Nxb5 Nxb5 42. Kg2 Kxh5 43. Kf3 1/2-1/2

[Event "Montreal Mercredi 10"]
[Site "Montreal CAN"]
[Date "2012.10.31"]
[Round "5"]
[White "Rondon, Luciano"]
[Black "Cloutier, Mathieu"]
[Result "1/2-1/2"]
[WhiteElo "2014"]
[BlackElo "2072"]
[PlyCount "117"]
[GameId "2160767909445015"]
[EventDate "2012.10.03"]
[EventType "swiss"]
[EventRounds "5"]
[EventCountry "CAN"]
[SourceTitle "EXT 2022"]
[Source "ChessBase"]
[SourceDate "2021.10.06"]
[SourceVersion "1"]
[SourceVersionDate "2021.10.06"]
[SourceQuality "1"]

1. d4 Nf6 2. c4 c5 3. Nf3 cxd4 4. Nxd4 e5 5. Nb5 d5 6. cxd5 Bc5 7. N1c3 a6 8. Na3 b5 9. Nc2 O-O 10. b4 Bb6 11. Be3 Ng4 12. Bxb6 Qxb6 13. e3 f5 14. Be2 Nf6 15. O-O Ne4 16. Nxe4 fxe4 17. f3 Bf5 18. fxe4 Bxe4 19. Bd3 Rxf1+ 20. Qxf1 Qg6 21. Bxe4 Qxe4 22. Rc1 Nd7 23. Qf3 Qc4 24. Qh3 Qxd5 25. e4 Qc6 26. Qb3+ Kh8 27. Rf1 Nf6 28. Ne3 Qxe4 29. Nf5 Rd8 30. Qf7 Qg4 31. Nh6 Qd4+ 32. Kh1 Qd7 33. h3 Rc8 34. Rxf6 Qxf7 35. Nxf7+ Kg8 36. Rxa6 Kxf7 37. Kg1 Rc2 38. a4 bxa4 39. Rxa4 Rb2 40. Kh2 Kf6 41. Kg3 g5 42. Ra6+ Kf5 43. Rh6 Rb3+ 44. Kf2 Kf4 45. Rf6+ Ke4 46. Rh6 Rb2+ 47. Kg3 Ke3 48. Rxh7 Rxb4 49. Rh5 Ke2 50. Rxg5 Rb3+ 51. Kg4 e4 52. h4 Kf2 53. Rf5+ Kxg2 54. Re5 e3 55. h5 Rb4+ 56. Kg5 Kf2 57. h6 e2 58. h7 Rb8 59. Kg6 1/2-1/2

[Event "Montreal Mercredi 11"]
[Site "Montreal CAN"]
[Date "2012.11.14"]
[Round "1"]
[White "Boudreau, Daniel"]
[Black "Lopez Linares, Lizandro"]
[Result "0-1"]
[WhiteElo "2037"]
[BlackElo "2081"]
[PlyCount "106"]
[GameId "2160767909411460"]
[EventDate "2012.11.14"]
[EventType "swiss"]
[EventRounds "5"]
[EventCountry "CAN"]
[SourceTitle "EXT 2022"]
[Source "ChessBase"]
[SourceDate "2021.10.06"]
[SourceVersion "1"]
[SourceVersionDate "2021.10.06"]
[SourceQuality "1"]

1. e4 c6 2. d4 d5 3. exd5 cxd5 4. c4 Nf6 5. Nc3 Nc6 6. Nf3 Bg4 7. cxd5 Nxd5 8. Bb5 Rc8 9. O-O e6 10. h3 Bxf3 11. Qxf3 Be7 12. Bxc6+ bxc6 13. Ne4 O-O 14. Be3 Qb6 15. Rab1 f5 16. Nc5 Bxc5 17. dxc5 Qc7 18. Rfd1 Qe7 19. Bd4 e5 20. Re1 e4 21. Qg3 f4 22. Qg4 e3 23. Qf3 Rce8 24. b4 Qe4 25. Ba1 Qxf3 26. gxf3 Rb8 27. a3 a5 28. Be5 Rb5 29. bxa5 Rxa5 30. Rb7 Rf7 31. Rb8+ Rf8 32. Rb7 Rf7 33. Rb8+ Rf8 34. Rb7 Rf5 35. Rxg7+ Kf8 36. Bb2 Rb5 37. Ba1 Rxc5 38. Rb1 Rb5 39. Rc1 c5 40. Rxh7 Rg5+ 41. Kf1 exf2 42. Kxf2 Ne3 43. Bf6 Rg2+ 44. Ke1 c4 45. Rc7 Nd5 46. Rc8+ Kf7 47. Bd4 Rb3 48. R8xc4 Rxf3 49. Bc5 Rxh3 50. Kf1 f3 51. Bg1 Rh1 52. Rc7+ Nxc7 53. Rxc7+ Ke6 0-1

[Event "Montreal Mercredi 11"]
[Site "Montreal CAN"]
[Date "2012.11.14"]
[Round "1"]
[White "Cardin, Guillaume"]
[Black "Brodie, Hugh"]
[Result "1-0"]
[WhiteElo "2034"]
[BlackElo "1861"]
[PlyCount "101"]
[GameId "2160767909411461"]
[EventDate "2012.11.14"]
[EventType "swiss"]
[EventRounds "5"]
[EventCountry "CAN"]
[SourceTitle "EXT 2022"]
[Source "ChessBase"]
[SourceDate "2021.10.06"]
[SourceVersion "1"]
[SourceVersionDate "2021.10.06"]
[SourceQuality "1"]

1. d4 e6 2. c4 f5 3. Nf3 Nf6 4. Nc3 Bb4 5. Bd2 b6 6. g3 Bb7 7. Bg2 O-O 8. O-O Bxc3 9. Bxc3 Qe8 10. Bb4 d6 11. c5 bxc5 12. dxc5 Na6 13. Ba3 Nxc5 14. Bxc5 dxc5 15. Qc2 Qb5 16. Rac1 Ne4 17. Ne5 Rad8 18. a4 Qa6 19. Rfd1 Bd5 20. f3 Nf6 21. e4 fxe4 22. fxe4 Bc6 23. b3 Qb6 24. Qc4 Bb7 25. a5 Qa6 26. Rxd8 Rxd8 27. Qxc5 Nxe4 28. Qxc7 Qd6 29. Qxd6 Nxd6 30. Rc7 Bxg2 31. Kxg2 Nb5 32. Rb7 a6 33. b4 h6 34. Rb6 Rd4 35. Nc6 Rd2+ 36. Kf3 Nc7 37. h4 Kf8 38. Nb8 Rb2 39. Nxa6 Nxa6 40. Rxa6 Rxb4 41. Rxe6 Ra4 42. a6 Kf7 43. Rb6 Ke7 44. Rb7+ Kf6 45. Ra7 h5 46. Ra8 Kf5 47. a7 Ra3+ 48. Kg2 Kg4 49. Rf8 Ra2+ 50. Rf2 Rxa7 51. Rf4# 1-0